000
00329nam a2200133Ia 4500
008
210312s9999||||xx |||||||||||||| ||und||
041
_a
osm
050
_a
PL248
050
_b
A23.D583
100
_a
Tarhan, Abdülhak Hamit
245
0
_a
Divaneliklerim yahud belde
260
_c
1887
650
_a
Edebiyat--Türk edebiyatı--Şiir
999
_c
22068
_d
22068